[Event "Minsk op"]
[Site "Minsk"]
[Date "2023.11.07"]
[Round "5"]
[White "Pridorozhni, Aleksei"]
[Black "Mozharov, Mikhail"]
[Result "1/2-1/2"]
[WhiteElo "2486"]
[BlackElo "2521"]
[PlyCount "60"]
[EventDate "2023.11.03"]
[EventType "swiss"]
[EventRounds "9"]
[EventCountry "BLR"]
[SourceTitle "CB46_2023"]
[SourceDate "2023.11.15"]
[SourceVersion "1"]
[SourceVersionDate "2023.11.15"]
[SourceQuality "1"]

1. e4 e5 2. Nf3 Nc6 3. Bb5 a6 4. Ba4 Nf6 5. 0-0 Be7 6. d3 b5 7. Bb3 d6 8. a4 Bd7 9. Nc3 Na5 10. Ba2 0-0 11. Bd2 b4 12. Ne2 c5 13. Bg5 Ne8 14. Be3 Nf6 15. Ng3 Rb8 16. h3 Be6 17. Nd2 d5 18. Bg5 Nc6 19. Re1 Re8 20. Ndf1 h6 21. Bxf6 Bxf6 22. Ne3 d4 23. Nd5 Bg5 24. Bc4 Ra8 25. Nf1 Ne7 26. Nxe7+ Qxe7 27. Bxe6 Qxe6 28. b3 Rad8 29. Nd2 Bxd2 30. Qxd2 Qg6 1/2-1/2

[Event "Minsk op"]
[Site "Minsk"]
[Date "2023.11.06"]
[Round "4"]
[White "Mozharov, Mikhail"]
[Black "Zarubitski, Viachaslau"]
[Result "1-0"]
[WhiteElo "2521"]
[BlackElo "2419"]
[PlyCount "79"]
[EventDate "2023.11.03"]
[EventType "swiss"]
[EventRounds "9"]
[EventCountry "BLR"]
[SourceTitle "CB46_2023"]
[SourceDate "2023.11.15"]
[SourceVersion "1"]
[SourceVersionDate "2023.11.15"]
[SourceQuality "1"]

1. d4 Nf6 2. c4 g6 3. Nc3 Bg7 4. e4 d6 5. Be2 0-0 6. Nf3 e5 7. Be3 exd4 8. Nxd4 Re8 9. f3 c6 10. Bf2 a6 11. 0-0 b5 12. a3 Bb7 13. Rc1 Nbd7 14. b4 Ne5 15. Nb3 Nxc4 16. Bxc4 bxc4 17. Na5 Rb8 18. Nxc4 d5 19. exd5 cxd5 20. Na5 Ba8 21. Qd2 d4 22. Nd1 Ng4 23. fxg4 Qd5 24. Bg3 d3 25. Rf3 Bh6 26. Bf4 Qd4+ 27. Nf2 Bxf3 28. Bxh6 Re2 29. Be3 Rxd2 30. Bxd4 Rxf2 31. gxf3 d2 32. Rd1 Re2 33. Bf2 Rc8 34. Kf1 Ree8 35. Bc5 Rcd8 36. Nc4 Rd3 37. Kf2 Rc3 38. Nd6 Re6 39. Rxd2 Rxa3 40. b5 1-0

[Event "Minsk op"]
[Site "Minsk"]
[Date "2023.11.03"]
[Round "1"]
[White "Khamitsevich, Pavel"]
[Black "Mozharov, Mikhail"]
[Result "0-1"]
[WhiteElo "1467"]
[BlackElo "2521"]
[PlyCount "94"]
[EventDate "2023.11.03"]
[EventType "swiss"]
[EventRounds "9"]
[EventCountry "BLR"]
[SourceTitle "CB46_2023"]
[SourceDate "2023.11.15"]
[SourceVersion "1"]
[SourceVersionDate "2023.11.15"]
[SourceQuality "1"]

1. e4 c5 2. c3 Nf6 3. e5 Nd5 4. d4 cxd4 5. cxd4 d6 6. Nf3 Nc6 7. Bc4 dxe5 8. dxe5 Be6 9. 0-0 g6 10. Qb3 Qd7 11. Bd2 Bg7 12. Re1 0-0 13. Nc3 Na5 14. Qb5 Nxc4 15. Qxc4 Nxc3 16. Qxc3 Bd5 17. Qd3 Rfd8 18. Bc3 Qc6 19. Nd4 Qc4 20. Qe3 e6 21. a3 b6 22. Rac1 Bb7 23. Red1 Qd5 24. Nf3 Qxd1+ 25. Rxd1 Rxd1+ 26. Ne1 Rad8 27. h3 h5 28. Kh2 R8d7 29. Nc2 Kh7 30. Qe2 Bh6 31. Kg3 R1d3+ 32. f3 Rxc3 33. bxc3 Rd2 34. Qc4 Rxc2 35. Qc7 Bd5 36. Qxf7+ Bg7 37. Qxa7 Rxc3 38. Kf4 Kh6 39. Qxb6 g5+ 40. Kg3 Bxe5+ 41. Kf2 Rxa3 42. Qc5 Ra2+ 43. Kf1 Kg6 44. Qf8 Ra8 45. Qe7 Bc4+ 46. Kf2 h4 47. Qb7 Ra2+ 0-1

[Event "Titled Tuesday intern op 06th July"]
[Site "Chess.com INT"]
[Date "2021.07.06"]
[Round "3"]
[White "Chen, Alex"]
[Black "Mozharov, Mikhail"]
[Result "0-1"]
[WhiteElo "2045"]
[BlackElo "2558"]
[PlyCount "41"]
[EventDate "2021.07.06"]
[EventType "swiss (blitz)"]
[EventRounds "11"]
[EventCountry "USA"]
[SourceTitle "EXT 2022"]
[Source "ChessBase"]
[SourceDate "2021.10.06"]
[SourceVersion "1"]
[SourceVersionDate "2021.10.06"]
[SourceQuality "1"]

1. e4 g6 2. Nc3 Bg7 3. Nf3 d6 4. d4 a6 5. Bc4 b5 6. Bd5 c6 7. Bb3 e6 8. h4 h6 9. Qe2 Ne7 10. e5 dxe5 11. dxe5 c5 12. Ne4 c4 13. Nd6+ Kf8 14. Ng5 hxg5 15. Bxg5 Nbc6 16. Qf3 Nxe5 17. Qxa8 Qxd6 18. Rd1 Qc7 19. f4 cxb3 20. fxe5 bxc2 21. Rc1 0-1

[Event "Titled Tuesday intern op 29th Sept"]
[Site "Chess.com INT"]
[Date "2020.09.29"]
[Round "5"]
[White "Mozharov, Mikhail"]
[Black "Boruchovsky, Avital"]
[Result "1/2-1/2"]
[WhiteElo "2558"]
[BlackElo "2541"]
[PlyCount "109"]
[EventDate "2020.09.29"]
[EventType "swiss (blitz)"]
[EventRounds "10"]
[EventCountry "USA"]
[SourceTitle "CBM 198 Extra"]
[Source "ChessBase"]
[SourceDate "2020.11.30"]
[SourceVersion "1"]
[SourceVersionDate "2020.11.30"]
[SourceQuality "1"]

1. d4 Nf6 2. c4 e6 3. Nf3 d5 4. Nc3 Bb4 5. Qb3 c5 6. dxc5 Nc6 7. e3 0-0 8. Be2 Ne4 9. 0-0 Nxc3 10. bxc3 Bxc5 11. Rd1 dxc4 12. Qxc4 Qe7 13. e4 b6 14. e5 Bb7 15. Qg4 f5 16. exf6 Qxf6 17. Bg5 Ne5 18. Bxf6 Bxf2+ 19. Kxf2 Nxg4+ 20. Kg1 Nxf6 21. Rd6 Rac8 22. Rxe6 Rxc3 23. Rd1 Bd5 24. Rd6 Bxa2 25. Ra1 Bc4 26. Bxc4+ Rxc4 27. h3 Rc7 28. Nd4 Rfc8 29. Kh2 Re8 30. Nb5 Rd7 31. Rxd7 Nxd7 32. Rxa7 Nc5 33. Nd6 Rb8 34. Nf5 g6 35. Ne7+ Kf8 36. Nd5 b5 37. Rxh7 Rb7 38. Rxb7 Nxb7 39. Kg3 Kf7 40. Kf4 Nd6 41. Ke5 Nf5 42. g4 Ng3 43. h4 Ne2 44. h5 gxh5 45. gxh5 Kg7 46. Nb4 Kh6 47. Kd5 Nc3+ 48. Kc5 Kxh5 49. Nc6 Kg4 50. Nd4 b4 51. Nb5 Na2 52. Kc4 Kf4 53. Nd4 Ke4 54. Nc2 b3 55. Kxb3 1/2-1/2

[Event "Titled Tuesday intern op 29th Sept"]
[Site "Chess.com INT"]
[Date "2020.09.29"]
[Round "10"]
[White "Mozharov, Mikhail"]
[Black "Erigaisi, Arjun Kumar"]
[Result "1-0"]
[WhiteElo "2558"]
[BlackElo "2559"]
[PlyCount "93"]
[EventDate "2020.09.29"]
[EventType "swiss (blitz)"]
[EventRounds "10"]
[EventCountry "USA"]
[SourceTitle "CBM 198 Extra"]
[Source "ChessBase"]
[SourceDate "2020.11.30"]
[SourceVersion "1"]
[SourceVersionDate "2020.11.30"]
[SourceQuality "1"]

1. d4 b6 2. c4 Bb7 3. Nc3 g6 4. e4 Bg7 5. d5 Na6 6. Be3 Nc5 7. Qc2 Nh6 8. Nf3 Ng4 9. Bd4 Bxd4 10. Nxd4 e5 11. Nf3 d6 12. b4 Nd7 13. Be2 a5 14. bxa5 Rxa5 15. Nd2 Nh6 16. Nb3 Ra8 17. a4 f5 18. a5 0-0 19. 0-0 f4 20. axb6 cxb6 21. Rxa8 Bxa8 22. Ra1 Qh4 23. Ra7 Nf6 24. Qa2 f3 25. Bxf3 Nfg4 26. h3 Rxf3 27. gxf3 Qxh3 28. Rxa8+ Kg7 29. Qa7+ Nf7 30. fxg4 Qxg4+ 31. Kf1 Qh3+ 32. Ke2 Qxc3 33. Nd2 Qh3 34. Qe7 Qg4+ 35. Kd3 Qf4 36. Rd8 Qxf2 37. Rxd6 b5 38. Rd7 bxc4+ 39. Kc2 h5 40. Qxe5+ Kh6 41. Qe7 Kg7 42. Qxf7+ Qxf7 43. Rxf7+ Kxf7 44. Nf3 Kf6 45. e5+ Kf5 46. d6 Ke6 47. Kc3 1-0

[Event "Titled Tuesday intern op 22nd Sept"]
[Site "Chess.com INT"]
[Date "2020.09.22"]
[Round "2"]
[White "Arvind, C Jayaraman"]
[Black "Mozharov, Mikhail"]
[Result "0-1"]
[WhiteElo "2124"]
[BlackElo "2558"]
[PlyCount "100"]
[EventDate "2020.09.22"]
[EventType "swiss (blitz)"]
[EventRounds "10"]
[EventCountry "USA"]
[SourceTitle "CBM 198 Extra"]
[Source "ChessBase"]
[SourceDate "2020.11.30"]
[SourceVersion "1"]
[SourceVersionDate "2020.11.30"]
[SourceQuality "1"]

1. d4 Nf6 2. c4 e6 3. Nc3 Bb4 4. Nf3 d5 5. e3 0-0 6. Bd2 b6 7. cxd5 exd5 8. Rc1 Bb7 9. Bd3 Be7 10. 0-0 c5 11. Ne5 Nc6 12. Be1 Bd6 13. f4 cxd4 14. Nxc6 Bxc6 15. Ne2 Bd7 16. Nxd4 Re8 17. Bd2 Bc5 18. b4 Bxd4 19. exd4 Ne4 20. f5 Qf6 21. Be3 Nd6 22. Qf3 Ne4 23. g4 Rac8 24. Qf4 h6 25. Rxc8 Bxc8 26. Rc1 Ng5 27. Bf1 Ba6 28. h4 Bxf1 29. hxg5 hxg5 30. Qxg5 Qxg5 31. Bxg5 Be2 32. f6 Bxg4 33. fxg7 Kxg7 34. Rc7 a6 35. Bf4 Re6 36. Be5+ Kg6 37. a4 f6 38. Bg3 Kf5 39. Rb7 Ke4 40. Bc7 b5 41. axb5 axb5 42. Bb6 f5 43. Bc5 f4 44. Re7 Rxe7 45. Bxe7 Kxd4 46. Kf2 Ke4 47. Bc5 d4 48. Bb6 Kd3 49. Ke1 Kc3 50. Bc5 d3 0-1

[Event "Titled Tuesday intern op 15th Sept"]
[Site "Chess.com INT"]
[Date "2020.09.15"]
[Round "8"]
[White "Mozharov, Mikhail"]
[Black "Kashlinskaya, Alina"]
[Result "1-0"]
[WhiteElo "2558"]
[BlackElo "2494"]
[PlyCount "103"]
[EventDate "2020.09.15"]
[EventType "swiss (blitz)"]
[EventRounds "10"]
[EventCountry "USA"]
[SourceTitle "CBM 198 Extra"]
[Source "ChessBase"]
[SourceDate "2020.11.30"]
[SourceVersion "1"]
[SourceVersionDate "2020.11.30"]
[SourceQuality "1"]

1. d4 Nf6 2. c4 e6 3. Nf3 d5 4. Nc3 Bb4 5. Qb3 c5 6. dxc5 Na6 7. a3 Bxc3+ 8. Qxc3 Nxc5 9. cxd5 Qxd5 10. Be3 Nce4 11. Qe5 Qxe5 12. Nxe5 Bd7 13. f3 Nd5 14. Bd4 Nef6 15. Nxd7 Kxd7 16. e4 Nc7 17. 0-0-0 Kc6 18. Kb1 b6 19. g4 Rhd8 20. Be2 Rac8 21. Be5 Kb7 22. g5 Nfe8 23. f4 Na6 24. b4 Nb8 25. Bb5 Nc7 26. Ba4 b5 27. Bb3 Ne8 28. f5 Nc6 29. Bb2 exf5 30. exf5 Nd6 31. Rd5 a6 32. Rhd1 Nc4 33. Rxd8 Nxd8 34. Bxc4 bxc4 35. Bxg7 Kc6 36. Be5 Nb7 37. Rd4 Re8 38. Rxc4+ Kd5 39. Rc7 Rxe5 40. Rxb7 Rxf5 41. h4 Kc4 42. Kc2 Rf2+ 43. Kd1 Rf3 44. Ke2 Rxa3 45. Rxf7 Kxb4 46. Rxh7 Rh3 47. Kf2 a5 48. g6 Rh2+ 49. Kg1 Rh3 50. Kg2 Rd3 51. g7 Rd2+ 52. Kg3 1-0

[Event "Titled Tuesday intern op 15th Sept"]
[Site "Chess.com INT"]
[Date "2020.09.15"]
[Round "4"]
[White "Mozharov, Mikhail"]
[Black "Mago Perez, Victor Manuel"]
[Result "1-0"]
[WhiteElo "2558"]
[BlackElo "2148"]
[PlyCount "67"]
[EventDate "2020.09.15"]
[EventType "swiss (blitz)"]
[EventRounds "10"]
[EventCountry "USA"]
[SourceTitle "CBM 198 Extra"]
[Source "ChessBase"]
[SourceDate "2020.11.30"]
[SourceVersion "1"]
[SourceVersionDate "2020.11.30"]
[SourceQuality "1"]

1. d4 Nf6 2. c4 c5 3. d5 e6 4. Nc3 exd5 5. cxd5 d6 6. e4 g6 7. f4 Bg7 8. Bb5+ Nfd7 9. Nf3 0-0 10. 0-0 a6 11. Bd3 b5 12. a3 Re8 13. f5 Nf6 14. Kh1 Nbd7 15. Bf4 Qb6 16. Bc2 Ng4 17. Qc1 c4 18. h3 Nge5 19. Bh6 Nxf3 20. Bxg7 Kxg7 21. Rxf3 f6 22. fxg6 hxg6 23. Qf4 Rf8 24. e5 dxe5 25. Qg4 e4 26. Qxe4 f5 27. Qf4 Qf6 28. Re1 Nc5 29. Qc7+ Nd7 30. Rfe3 Rf7 31. Re8 Nb6 32. R1e7 Bd7 33. Rxf7+ Qxf7 34. Qe5+ 1-0

[Event "Titled Tuesday intern op 15th Sept"]
[Site "Chess.com INT"]
[Date "2020.09.15"]
[Round "2"]
[White "Mozharov, Mikhail"]
[Black "Toropov, Pavel"]
[Result "0-1"]
[WhiteElo "2558"]
[BlackElo "2336"]
[PlyCount "66"]
[EventDate "2020.09.15"]
[EventType "swiss (blitz)"]
[EventRounds "10"]
[EventCountry "USA"]
[SourceTitle "CBM 198 Extra"]
[Source "ChessBase"]
[SourceDate "2020.11.30"]
[SourceVersion "1"]
[SourceVersionDate "2020.11.30"]
[SourceQuality "1"]

1. d4 d5 2. c4 c6 3. Nf3 Nf6 4. e3 Bf5 5. Nc3 e6 6. Nh4 Be4 7. f3 Bg6 8. Qb3 Qc7 9. Bd2 Be7 10. g3 Nbd7 11. Rc1 0-0 12. Nxg6 hxg6 13. cxd5 exd5 14. Nxd5 Nxd5 15. Qxd5 Rfe8 16. Qb3 Bf6 17. Kf2 c5 18. Bb5 b6 19. Rhd1 Rad8 20. Qa3 Qb7 21. Bc3 cxd4 22. Bxd4 Bxd4 23. Rxd4 Ne5 24. Be2 Rxd4 25. exd4 Nc6 26. Bb5 Qe7 27. Bxc6 Qe2+ 28. Kg1 Re3 29. Qb4 Rd3 30. Bb5 Qe3+ 31. Kg2 Rd2+ 32. Kh3 Qh6+ 33. Kg4 f5# 0-1

[Event "Titled Tuesday intern op 15th Sept"]
[Site "Chess.com INT"]
[Date "2020.09.15"]
[Round "6"]
[White "Siva, Mahadevan"]
[Black "Mozharov, Mikhail"]
[Result "1-0"]
[WhiteElo "2349"]
[BlackElo "2558"]
[PlyCount "67"]
[EventDate "2020.09.15"]
[EventType "swiss (blitz)"]
[EventRounds "10"]
[EventCountry "USA"]
[SourceTitle "CBM 198 Extra"]
[Source "ChessBase"]
[SourceDate "2020.11.30"]
[SourceVersion "1"]
[SourceVersionDate "2020.11.30"]
[SourceQuality "1"]

1. e4 c5 2. Nf3 e6 3. d4 cxd4 4. Nxd4 Nc6 5. Nc3 Qc7 6. Be2 a6 7. 0-0 Nf6 8. Be3 Be7 9. f4 d6 10. Kh1 0-0 11. Qe1 Nxd4 12. Bxd4 b5 13. a3 Nd7 14. Qg3 Bf6 15. Rad1 Bb7 16. Bxf6 Nxf6 17. e5 dxe5 18. fxe5 Nd7 19. Rd6 Rad8 20. Rfd1 Nb6 21. h4 Nd5 22. h5 h6 23. Rd4 f5 24. Rxe6 f4 25. Qh4 Nxc3 26. bxc3 Rxd4 27. cxd4 Qxc2 28. Qg4 Bc8 29. d5 Qe4 30. Bf3 Qe1+ 31. Kh2 Qg3+ 32. Kh1 Qxg4 33. Bxg4 Rd8 34. d6 1-0

[Event "Titled Tuesday intern op 15th Sept"]
[Site "Chess.com INT"]
[Date "2020.09.15"]
[Round "9"]
[White "Wagh, Suyog"]
[Black "Mozharov, Mikhail"]
[Result "1-0"]
[WhiteElo "2246"]
[BlackElo "2558"]
[PlyCount "87"]
[EventDate "2020.09.15"]
[EventType "swiss (blitz)"]
[EventRounds "10"]
[EventCountry "USA"]
[SourceTitle "CBM 198 Extra"]
[Source "ChessBase"]
[SourceDate "2020.11.30"]
[SourceVersion "1"]
[SourceVersionDate "2020.11.30"]
[SourceQuality "1"]

1. c4 e5 2. Nc3 Nc6 3. Nf3 Nf6 4. e4 Bb4 5. Qc2 d6 6. Nd5 a5 7. a3 Bc5 8. Be2 Bg4 9. d3 Bxf3 10. Bxf3 Nd4 11. Qd1 c6 12. Nxf6+ Qxf6 13. Be3 a4 14. Bxd4 Bxd4 15. Rb1 h5 16. Qe2 g5 17. Bxh5 Rxh5 18. Qxh5 Qxf2+ 19. Kd1 Qxg2 20. Re1 0-0-0 21. Re2 Qf1+ 22. Kc2 Qf4 23. Qh3+ Kb8 24. Rf1 g4 25. Rxf4 gxh3 26. Rxf7 Rg8 27. Rf3 Rg2 28. Rd2 Bxb2 29. Rxg2 hxg2 30. Rg3 Bxa3 31. h4 Bc5 32. h5 Be3 33. Rxg2 Ka7 34. Rg6 Kb6 35. h6 Bxh6 36. Rxh6 Kc5 37. Kc3 b5 38. cxb5 cxb5 39. Rh8 b4+ 40. Kc2 Kd4 41. Rc8 b3+ 42. Kd2 d5 43. exd5 Kxd5 44. Kc3 1-0

[Event "Titled Tuesday intern op 08th Sept"]
[Site "Chess.com INT"]
[Date "2020.09.08"]
[Round "7"]
[White "Vestby Ellingsen, Mads"]
[Black "Mozharov, Mikhail"]
[Result "0-1"]
[WhiteElo "2362"]
[BlackElo "2558"]
[PlyCount "90"]
[EventDate "2020.09.08"]
[EventType "swiss (blitz)"]
[EventRounds "10"]
[EventCountry "USA"]
[SourceTitle "CBM 198 Extra"]
[Source "ChessBase"]
[SourceDate "2020.11.30"]
[SourceVersion "1"]
[SourceVersionDate "2020.11.30"]
[SourceQuality "1"]

1. e4 e5 2. Bc4 Nf6 3. d3 Nc6 4. Nf3 Bc5 5. c3 d6 6. Nbd2 a6 7. Bb3 Ba7 8. h3 Ne7 9. Nf1 Ng6 10. g4 h5 11. g5 Nd7 12. Ng3 Nc5 13. Bc2 d5 14. Qe2 dxe4 15. dxe4 Ne6 16. Nf5 Ngf4 17. Qf1 g6 18. Ne3 Nxg5 19. Nxg5 Qxg5 20. Nd5 0-0 21. Rg1 Qh4 22. Bxf4 exf4 23. 0-0-0 Bxh3 24. Qd3 Bxf2 25. Rh1 Bg3 26. e5 Kh8 27. Nf6 Rac8 28. Kb1 Kg7 29. Qd4 c5 30. Qe4 Rc6 31. Qf3 Rxf6 32. exf6+ Kxf6 33. Rdf1 Kg7 34. Qxb7 Qg4 35. Rfg1 f3 36. Qc7 Bg2 37. Rxg2 Bxc7 38. Rxg4 hxg4 39. Rg1 Kf6 40. Rxg4 f2 41. Bd3 Re8 42. Kc2 Re1 43. Rc4 Bd6 44. Ra4 Re3 45. Bc4 Re4 0-1

[Event "Titled Tuesday intern op 4th Aug 2pm"]
[Site "Chess.com INT"]
[Date "2020.08.04"]
[Round "5"]
[White "Mozharov, Mikhail"]
[Black "Bodnar, Nikolay"]
[Result "0-1"]
[WhiteElo "2558"]
[BlackElo "2424"]
[PlyCount "102"]
[EventDate "2020.08.04"]
[EventType "swiss (blitz)"]
[EventRounds "10"]
[EventCountry "USA"]
[SourceTitle "CBM 197 Extra"]
[Source "ChessBase"]
[SourceDate "2020.09.30"]
[SourceVersion "1"]
[SourceVersionDate "2020.09.30"]
[SourceQuality "1"]

1. d4 Nf6 2. c4 e6 3. Nf3 b6 4. a3 Bb7 5. Nc3 d5 6. cxd5 Nxd5 7. Qc2 Nxc3 8. bxc3 c5 9. e4 Nc6 10. Bd3 Rc8 11. Qa4 Be7 12. 0-0 0-0 13. Rd1 Qe8 14. d5 exd5 15. exd5 Nd4 16. Qxa7 Nxf3+ 17. gxf3 Bxd5 18. Bxh7+ Kxh7 19. Rxd5 Bf6 20. Bf4 Qe2 21. Qb7 Kg8 22. Kg2 Bxc3 23. Rb1 Bd4 24. Bg3 Qa2 25. Rxb6 Qxa3 26. Ra6 Qc1 27. Ra7 Rce8 28. Rh5 Re1 29. Ra8 Rg1+ 30. Kh3 g6 31. Rxf8+ Kxf8 32. Qb8+ Ke7 33. Rd5 Qh6+ 34. Kg4 f5+ 35. Rxf5 gxf5+ 36. Kxf5 Qe6+ 37. Kg5 Qf6+ 38. Kg4 Qg6+ 39. Kf4 Qd6+ 40. Qxd6+ Kxd6 41. Ke4+ Ke6 42. h4 Re1+ 43. Kd3 Kd5 44. h5 c4+ 45. Kd2 Re6 46. Bf4 Bxf2 47. h6 Bd4 48. Kc2 Rf6 49. Bd2 Rxf3 50. h7 Rh3 51. Bf4 Rxh7 0-1

[Event "Titled Tuesday intern op 4th Aug 10am"]
[Site "Chess.com INT"]
[Date "2020.08.04"]
[Round "5"]
[White "Mozharov, Mikhail"]
[Black "Karamsetty, Jeevan"]
[Result "1-0"]
[WhiteElo "2558"]
[BlackElo "2206"]
[PlyCount "163"]
[EventDate "2020.08.04"]
[EventType "swiss (blitz)"]
[EventRounds "10"]
[EventCountry "USA"]
[SourceTitle "CBM 197 Extra"]
[Source "ChessBase"]
[SourceDate "2020.09.30"]
[SourceVersion "1"]
[SourceVersionDate "2020.09.30"]
[SourceQuality "1"]

1. d4 Nf6 2. c4 e6 3. Nf3 d5 4. Nc3 Bb4 5. Bd2 0-0 6. e3 c5 7. cxd5 exd5 8. dxc5 Bxc5 9. Rc1 Nc6 10. Na4 Bd6 11. Be2 Ne4 12. 0-0 Bg4 13. Nc3 Re8 14. Be1 Nf6 15. h3 Bf5 16. Qb3 Rb8 17. Rd1 Be6 18. Nb5 Bc5 19. Nbd4 Nxd4 20. Nxd4 Bxd4 21. Rxd4 a6 22. f3 Nd7 23. Bh4 Qc7 24. Kf2 b5 25. Bg3 Qb6 26. Bxb8 Qxb8 27. Qd1 Qe5 28. f4 Qf6 29. Bf3 Nb6 30. b3 Qh4+ 31. Kg1 Qg3 32. Qe1 Qg6 33. Kh2 h6 34. Qh4 Qc2 35. Rf2 Qc1 36. Re2 Qa1 37. Qe1 Qxe1 38. Rxe1 Rc8 39. g4 g6 40. Kg3 Kf8 41. Red1 Ke7 42. Re1 Rc2 43. Re2 Rc1 44. Rdd2 Rg1+ 45. Kf2 Rc1 46. Rc2 Rb1 47. Rc6 Nd7 48. Rec2 a5 49. Ra6 a4 50. bxa4 bxa4 51. Rxa4 Rb6 52. Ra7 Kf6 53. a4 Rd6 54. a5 d4 55. Rc6 dxe3+ 56. Kxe3 Rxc6 57. Bxc6 Nc5 58. Bf3 Kg7 59. Rc7 Na6 60. Rc6 Nb8 61. Rd6 Bc4 62. Be2 Be6 63. a6 Nxa6 64. Bxa6 Bc8 65. Rb6 Bd7 66. Bb5 Be6 67. Bd3 h5 68. f5 Bd7 69. Kf4 f6 70. fxg6 Kh6 71. Bf5 h4 72. Bxd7 Kg7 73. Bf5 Kh6 74. Ke3 Kg5 75. Rxf6 Kh6 76. Rd6 Kg7 77. Rd4 Kh6 78. g5+ Kxg5 79. Rg4+ Kf6 80. g7 Ke5 81. g8Q Kf6 82. Qe6# 1-0

[Event "Titled Tuesday intern op 4th Aug 2pm"]
[Site "Chess.com INT"]
[Date "2020.08.04"]
[Round "8"]
[White "Mozharov, Mikhail"]
[Black "Lagunow, Raphael"]
[Result "1-0"]
[WhiteElo "2558"]
[BlackElo "2378"]
[PlyCount "71"]
[EventDate "2020.08.04"]
[EventType "swiss (blitz)"]
[EventRounds "10"]
[EventCountry "USA"]
[SourceTitle "CBM 197 Extra"]
[Source "ChessBase"]
[SourceDate "2020.09.30"]
[SourceVersion "1"]
[SourceVersionDate "2020.09.30"]
[SourceQuality "1"]

1. d4 d5 2. c4 e6 3. Nf3 Nf6 4. Nc3 dxc4 5. e4 b5 6. e5 Nd5 7. Nxb5 Nb6 8. Be2 Nc6 9. 0-0 Be7 10. Qd2 Bb7 11. Qf4 0-0 12. Qg3 Kh8 13. Rd1 Rb8 14. b3 a6 15. Nc3 cxb3 16. axb3 Nb4 17. Ng5 h6 18. Nf3 Bxf3 19. Bxf3 Nc2 20. Ra2 Nxd4 21. Be4 c5 22. Bb1 Bg5 23. f4 Bh4 24. Qd3 g6 25. Qh3 Kg7 26. g3 Nd5 27. Ne4 Be7 28. Rf2 Rxb3 29. f5 Nxf5 30. Rxf5 Rh8 31. Rxf7+ Kxf7 32. Rf1+ Kg7 33. Qxe6 Rf8 34. Nf6 Rxb1 35. Bxh6+ Kxh6 36. Qh3+ 1-0

[Event "Titled Tuesday intern op 4th Aug 2pm"]
[Site "Chess.com INT"]
[Date "2020.08.04"]
[Round "10"]
[White "Mozharov, Mikhail"]
[Black "Sanal, Vahap"]
[Result "1-0"]
[WhiteElo "2558"]
[BlackElo "2581"]
[PlyCount "87"]
[EventDate "2020.08.04"]
[EventType "swiss (blitz)"]
[EventRounds "10"]
[EventCountry "USA"]
[SourceTitle "CBM 197 Extra"]
[Source "ChessBase"]
[SourceDate "2020.09.30"]
[SourceVersion "1"]
[SourceVersionDate "2020.09.30"]
[SourceQuality "1"]

1. d4 d6 2. e4 Nf6 3. Nc3 e5 4. Nf3 Nbd7 5. Be2 Be7 6. 0-0 0-0 7. Re1 c6 8. a4 h6 9. a5 Rb8 10. Bf1 Re8 11. h3 exd4 12. Nxd4 Bf8 13. Bf4 Nc5 14. Qf3 Ne6 15. Be3 Ng5 16. Bxg5 hxg5 17. a6 Qb6 18. axb7 Bxb7 19. Nf5 g6 20. Ne3 Bg7 21. Nc4 Qd8 22. Rxa7 d5 23. Na5 Ba8 24. e5 Qb6 25. Ra6 Qc7 26. exf6 Rxe1 27. fxg7 Rbe8 28. Nb3 Qe7 29. g3 Bb7 30. Ra7 Ra8 31. Rxa8+ Bxa8 32. Na4 Bb7 33. Nac5 Bc8 34. g4 Qe5 35. Nd3 Rxf1+ 36. Kxf1 Ba6 37. Nbc5 Bb5 38. Kg2 Qxg7 39. Qe3 d4 40. Qe8+ Kh7 41. Qe5 f6 42. Qxd4 Kh6 43. c4 f5 44. Qxg7+ 1-0

[Event "Titled Tuesday intern op 4th Aug 2pm"]
[Site "Chess.com INT"]
[Date "2020.08.04"]
[Round "3"]
[White "Storey, Charles"]
[Black "Mozharov, Mikhail"]
[Result "1-0"]
[WhiteElo "2220"]
[BlackElo "2558"]
[PlyCount "81"]
[EventDate "2020.08.04"]
[EventType "swiss (blitz)"]
[EventRounds "10"]
[EventCountry "USA"]
[SourceTitle "CBM 197 Extra"]
[Source "ChessBase"]
[SourceDate "2020.09.30"]
[SourceVersion "1"]
[SourceVersionDate "2020.09.30"]
[SourceQuality "1"]

1. e4 e5 2. Nc3 Nf6 3. g3 Nc6 4. Bg2 Bc5 5. d3 d6 6. Nge2 a6 7. h3 Be6 8. Nd5 h6 9. c4 Nd4 10. Nxd4 Bxd4 11. Be3 Nxd5 12. Bxd4 Nf4 13. gxf4 exd4 14. f5 Bd7 15. Qg4 g6 16. 0-0-0 Qf6 17. Rhe1 0-0-0 18. Qf3 gxf5 19. exf5 Qg5+ 20. Kc2 Bc6 21. Re4 Rhg8 22. Bh1 Rde8 23. Rde1 Re5 24. f6 Bxe4 25. Rxe4 c6 26. Rg4 Rf5 27. Rxg5 Rgxg5 28. Qe2 Re5 29. Qd2 Kc7 30. f4 Rgf5 31. fxe5 dxe5 32. Be4 Rxf6 33. Qg2 Rf4 34. Kb3 Kd6 35. Qg7 b5 36. Qxh6+ Kc7 37. c5 Kd7 38. Qf8 f5 39. Qd6+ Ke8 40. Qxe5+ Kf7 41. Qxf4 1-0

[Event "Wch Blitz"]
[Site "Moscow"]
[Date "2019.12.30"]
[Round "17"]
[White "Mozharov, Mikhail"]
[Black "Al Nhier, Hamoud"]
[Result "1-0"]
[WhiteElo "2558"]
[BlackElo "1934"]
[PlyCount "49"]
[EventDate "2019.12.29"]
[EventType "swiss (blitz)"]
[EventRounds "21"]
[EventCountry "RUS"]
[SourceTitle "CBM 193 Extra"]
[Source "ChessBase"]
[SourceDate "2020.01.31"]
[SourceVersion "1"]
[SourceVersionDate "2020.01.31"]
[SourceQuality "1"]

1. d4 Nf6 2. c4 e6 3. Nf3 d5 4. Nc3 Nbd7 5. Bf4 Bb4 6. e3 0-0 7. Rc1 c5 8. dxc5 Nxc5 9. Be2 Nce4 10. 0-0 Nxc3 11. bxc3 Bd6 12. Bg5 Be7 13. Qb3 dxc4 14. Bxc4 Ne4 15. Rfd1 Bxg5 16. Rxd8 Bxd8 17. Qb4 Nf6 18. Bb5 a6 19. Be2 b6 20. c4 Nd7 21. Nd4 Bc7 22. Bf3 Rb8 23. Nc6 Rb7 24. Ne7+ Kh8 25. Nxc8 1-0

[Event "Wch Blitz"]
[Site "Moscow"]
[Date "2019.12.30"]
[Round "19"]
[White "Mozharov, Mikhail"]
[Black "Masrahi, Abdulrahman A"]
[Result "1-0"]
[WhiteElo "2558"]
[BlackElo "1956"]
[PlyCount "127"]
[EventDate "2019.12.29"]
[EventType "swiss (blitz)"]
[EventRounds "21"]
[EventCountry "RUS"]
[SourceTitle "CBM 193 Extra"]
[Source "ChessBase"]
[SourceDate "2020.01.31"]
[SourceVersion "1"]
[SourceVersionDate "2020.01.31"]
[SourceQuality "1"]

1. d4 Nf6 2. c4 e6 3. Nc3 Bb4 4. e3 0-0 5. Nf3 Qe7 6. Bd3 d6 7. 0-0 Bxc3 8. bxc3 e5 9. e4 b6 10. Re1 c5 11. d5 Nbd7 12. Nd2 Re8 13. a4 Nf8 14. Nf1 Ng6 15. g3 Bg4 16. f3 Bh3 17. Ne3 Qd7 18. Qe2 h5 19. Qf2 Nh7 20. Re2 Ng5 21. a5 Bg4 22. Nxg4 Nh3+ 23. Kg2 Nxf2 24. Nxf2 bxa5 25. Rea2 Reb8 26. Bc2 h4 27. Rxa5 hxg3 28. hxg3 Rb7 29. Ra6 f6 30. Ng4 Kf7 31. Ba4 Qc7 32. Bc6 Rab8 33. Bxb7 Rxb7 34. Rc6 Qd7 35. Raa6 Rb6 36. Rcxb6 axb6 37. Rxb6 Qc7 38. Rc6 Qd7 39. Ne3 Ne7 40. Ra6 Qc7 41. Bd2 g6 42. g4 Qd7 43. Be1 f5 44. gxf5 gxf5 45. Bh4 fxe4 46. fxe4 Ng6 47. Bg5 Nf4+ 48. Bxf4 exf4 49. Nf5 Kg8 50. Rxd6 Qe8 51. Kf3 Qh5+ 52. Kxf4 Qh2+ 53. Kg5 Qg1+ 54. Kf6 Qh2 55. Ke6 Qf4 56. e5 Qxc4 57. Rd8+ Kh7 58. Kf6 Qa6+ 59. d6 Qb6 60. Re8 c4 61. Re6 Qf2 62. d7 Qf3 63. Re7+ Kh8 64. d8R# 1-0